00322 a2200133 4500003000500000005001700005040000900022082001400031100001900045245004600064260003400110300001400144538003000158Nust20230208142949.0 cNust a954.6,MAT aBerkely Mather aThe Pass beyond kashmir /cBerkely Mather aLondonbSt James place c1960 a320 pages aAlmirah No.63 Shelf No.1